[Event "Berlin Eckbauer op 20th"]
[Site "Berlin"]
[Date "2017.11.20"]
[Round "6"]
[White "Starke, Rene Reiner"]
[Black "Prinz, Tade"]
[Result "1-0"]
[WhiteElo "1934"]
[BlackElo "1689"]
[PlyCount "133"]
[EventDate "2017.10.09"]
[EventType "swiss"]
[EventRounds "7"]
[EventCountry "GER"]
[SourceTitle "CBM 189 Extra"]
[Source "ChessBase"]
[SourceDate "2019.05.31"]
[SourceVersion "1"]
[SourceVersionDate "2019.05.31"]
[SourceQuality "1"]

1. d4 Nf6 2. Bf4 d6 3. e3 Nbd7 4. Nf3 h6 5. h3 c6 6. Nbd2 g5 7. Bh2 Bg7 8. c3 Nf8 9. Bd3 g4 10. hxg4 Bxg4 11. Qc2 Ne6 12. Nh4 Ng5 13. Nf5 Bxf5 14. Bxf5 e6 15. Bd3 d5 16. Be5 Kf8 17. Bxf6 Qxf6 18. f4 h5 19. fxg5 Qxg5 20. 0-0-0 Qxe3 21. Kb1 Qg3 22. Nf3 Qd6 23. Rh3 Ke7 24. Rdh1 Rag8 25. Rxh5 Rxh5 26. Rxh5 Bf6 27. Rh3 b5 28. Qd2 Rg7 29. Rh7 Rg4 30. Bf1 Rf4 31. Bd3 Rg4 32. Rh3 a5 33. Qe2 Rg7 34. Ne5 b4 35. cxb4 axb4 36. Rh7 c5 37. Rxg7 Bxg7 38. Qh5 Bxe5 39. Qxe5 cxd4 40. Qxd4 e5 41. Qh4+ f6 42. Qh7+ Kd8 43. Qg8+ Kc7 44. Bf5 Kb6 45. Qe6 Kc5 46. Qxd6+ Kxd6 47. Kc2 Kc5 48. Kd3 d4 49. g4 Kd5 50. Be4+ Kc5 51. Bf3 Kb5 52. Ke4 Kc4 53. Be2+ Kc5 54. Bd3 Kd6 55. a3 bxa3 56. bxa3 Kc5 57. Kf5 Kd5 58. a4 Kc5 59. a5 Kc6 60. a6 Kb6 61. Kxf6 e4 62. Bxe4 Kxa6 63. g5 Kb5 64. g6 Kc4 65. g7 d3 66. Bxd3+ Kxd3 67. g8Q 1-0

[Event "Berlin Lichtenrade op 13th"]
[Site "Berlin"]
[Date "2017.10.30"]
[Round "3"]
[White "Wierzbicki, Jirawat"]
[Black "Starke, Rene Reiner"]
[Result "1-0"]
[WhiteElo "2101"]
[BlackElo "1934"]
[PlyCount "91"]
[EventDate "2017.10.28"]
[EventType "swiss"]
[EventRounds "9"]
[EventCountry "GER"]
[SourceTitle "CBM 181 Extra"]
[Source "ChessBase"]
[SourceDate "2017.12.12"]
[SourceVersion "1"]
[SourceVersionDate "2017.12.12"]
[SourceQuality "1"]

1. e4 c6 2. d4 d5 3. exd5 cxd5 4. Bd3 Nc6 5. c3 Qc7 6. Na3 a6 7. Nc2 Nf6 8. h3 g6 9. Nf3 Bf5 10. 0-0 Bxd3 11. Qxd3 Bg7 12. Re1 0-0 13. Ne5 e6 14. Bf4 Nxe5 15. Bxe5 Qb6 16. b3 Rac8 17. Ne3 Ne4 18. c4 Bxe5 19. dxe5 Nc5 20. Qd2 dxc4 21. Ng4 h5 22. Nf6+ Kg7 23. Nxh5+ Kh7 24. Qg5 Qd8 25. Nf6+ Kg7 26. Rad1 Qa5 27. h4 Rh8 28. h5 cxb3 29. hxg6 fxg6 30. Nd7 Rh5 31. Qf6+ Kh7 32. Nxc5 Qxc5 33. Rd7+ Kh6 34. Qf4+ Rg5 35. Re3 Qxe3 36. Qxe3 b2 37. Rd1 Rc4 38. Rb1 Rb4 39. a3 Rb5 40. f4 Rf5 41. Qd2 g5 42. fxg5+ Rxg5 43. Rxb2 Rbxe5 44. Rxb7 Kg6 45. Qd3+ Rgf5 46. g4 1-0

[Event "Berlin Lichtenrade op 13th"]
[Site "Berlin"]
[Date "2017.10.29"]
[Round "2"]
[White "Starke, Rene Reiner"]
[Black "Hesse, Henrik"]
[Result "1/2-1/2"]
[WhiteElo "1934"]
[BlackElo "2120"]
[PlyCount "23"]
[EventDate "2017.10.28"]
[EventType "swiss"]
[EventRounds "9"]
[EventCountry "GER"]
[SourceTitle "CBM 181 Extra"]
[Source "ChessBase"]
[SourceDate "2017.12.12"]
[SourceVersion "1"]
[SourceVersionDate "2017.12.12"]
[SourceQuality "1"]

1. d4 Nf6 2. Bf4 d5 3. e3 e6 4. Nd2 c5 5. c3 Nc6 6. Ngf3 Bd6 7. Bg3 0-0 8. Bb5 Ne7 9. Bd3 Ng6 10. Bxd6 Qxd6 11. Bxg6 fxg6 12. Ne5 1/2-1/2

[Event "Berlin Eckbauer op 20th"]
[Site "Berlin"]
[Date "2017.10.23"]
[Round "3"]
[White "Mayer, Herbert"]
[Black "Starke, Rene Reiner"]
[Result "1/2-1/2"]
[WhiteElo "1836"]
[BlackElo "1934"]
[PlyCount "105"]
[EventDate "2017.10.09"]
[EventType "swiss"]
[EventRounds "7"]
[EventCountry "GER"]
[SourceTitle "CBM 189 Extra"]
[Source "ChessBase"]
[SourceDate "2019.05.31"]
[SourceVersion "1"]
[SourceVersionDate "2019.05.31"]
[SourceQuality "1"]

1. c4 c5 2. Nc3 Nc6 3. g3 g6 4. Bg2 Bg7 5. Nf3 e5 6. e4 Nge7 7. d3 0-0 8. 0-0 d6 9. Ne1 f5 10. f4 Be6 11. Rb1 a5 12. Nc2 Qd7 13. Nd5 Rab8 14. Nce3 b5 15. cxb5 Rxb5 16. Nxe7+ Nxe7 17. exf5 Nxf5 18. Nxf5 Bxf5 19. b3 a4 20. Bd5+ Be6 21. Bc4 Rb6 22. Bxe6+ Qxe6 23. fxe5 Rxf1+ 24. Qxf1 Bxe5 25. Bh6 Rb8 26. Qf3 Bg7 27. Bxg7 Kxg7 28. Rf1 axb3 29. axb3 Re8 30. Rf2 Qe1+ 31. Kg2 Qe7 32. Qd1 Qb7+ 33. Kg1 Qd5 34. Qa1+ Kg8 35. Qd1 Re3 36. Rd2 Qe6 37. Kf2 Re5 38. Kg2 Qd5+ 39. Kg1 Qd4+ 40. Kg2 Rf5 41. Re2 Re5 42. Rxe5 Qxe5 43. Qc2 Kg7 44. Kf3 h5 45. Qa2 Qd5+ 46. Ke3 Qd4+ 47. Ke2 Qe5+ 48. Kd2 Qg5+ 49. Ke2 Qg4+ 50. Ke3 Kh6 51. Qa4 Qe6+ 52. Qe4 Qd7 53. d4 1/2-1/2

[Event "Berlin Eckbauer op 20th"]
[Site "Berlin"]
[Date "2017.10.09"]
[Round "1"]
[White "Schmidt, Michael3"]
[Black "Starke, Rene Reiner"]
[Result "0-1"]
[WhiteElo "1608"]
[BlackElo "1934"]
[PlyCount "46"]
[EventDate "2017.10.09"]
[EventType "swiss"]
[EventRounds "7"]
[EventCountry "GER"]
[SourceTitle "CBM 189 Extra"]
[Source "ChessBase"]
[SourceDate "2019.05.31"]
[SourceVersion "1"]
[SourceVersionDate "2019.05.31"]
[SourceQuality "1"]

1. e4 c6 2. c4 d5 3. exd5 cxd5 4. cxd5 Nf6 5. Nc3 Nxd5 6. Bc4 Nxc3 7. bxc3 e6 8. Nf3 Bd6 9. 0-0 0-0 10. Re1 b6 11. Qe2 Qc7 12. d4 Bb7 13. Ne5 Bxe5 14. dxe5 Rc8 15. Rd1 Nc6 16. Bf4 Na5 17. Bd3 Qxc3 18. Qh5 g6 19. Qh4 Qb4 20. Bb5 Bd5 21. Rab1 Qe4 22. f3 Qf5 23. g4 Qxf4 0-1

[Event "Berlin Lieb Memorial 3rd"]
[Site "Berlin"]
[Date "2017.06.22"]
[Round "5"]
[White "Boettcher, Patrick"]
[Black "Starke, Rene Reiner"]
[Result "1-0"]
[WhiteElo "2115"]
[BlackElo "1931"]
[PlyCount "67"]
[EventDate "2017.05.11"]
[EventType "swiss"]
[EventRounds "7"]
[EventCountry "GER"]
[SourceTitle "CBM 189 Extra"]
[Source "ChessBase"]
[SourceDate "2019.05.31"]
[SourceVersion "1"]
[SourceVersionDate "2019.05.31"]
[SourceQuality "1"]

1. Nf3 d5 2. c4 Nf6 3. cxd5 Nxd5 4. d4 c6 5. e4 Nf6 6. Nc3 Bg4 7. Be3 e6 8. Be2 Nbd7 9. 0-0 Be7 10. Rc1 0-0 11. h3 Bh5 12. Qc2 Qa5 13. Rfd1 Rfd8 14. a3 e5 15. dxe5 Nxe5 16. Nd4 Bxe2 17. Qxe2 c5 18. Nf5 Bf8 19. Bg5 Rxd1+ 20. Rxd1 Ne8 21. Nd5 Nc7 22. b4 cxb4 23. axb4 Qb5 24. Qb2 Nc4 25. Nde7+ Kh8 26. Qc3 Ne6 27. Bh4 Nb6 28. Nd6 Bxe7 29. Nxb5 Bxh4 30. Nd6 Kg8 31. Qf3 Rf8 32. e5 Nd7 33. Qe4 Be7 34. Nf5 1-0

[Event "Berlin Lieb Memorial 3rd"]
[Site "Berlin"]
[Date "2017.06.15"]
[Round "4"]
[White "Starke, Rene Reiner"]
[Black "Kamari, Ingmar"]
[Result "1-0"]
[WhiteElo "1931"]
[BlackElo "1562"]
[PlyCount "89"]
[EventDate "2017.05.11"]
[EventType "swiss"]
[EventRounds "7"]
[EventCountry "GER"]
[SourceTitle "CBM 189 Extra"]
[Source "ChessBase"]
[SourceDate "2019.05.31"]
[SourceVersion "1"]
[SourceVersionDate "2019.05.31"]
[SourceQuality "1"]

1. d4 Nf6 2. Bf4 g6 3. e3 Bg7 4. Nf3 d6 5. h3 0-0 6. Be2 c5 7. Nbd2 cxd4 8. exd4 Qb6 9. Nc4 Qc7 10. 0-0 Bf5 11. c3 Nbd7 12. Ne3 e6 13. Nc4 Ne8 14. a4 e5 15. dxe5 dxe5 16. Bg3 f6 17. Qd5+ Kh8 18. Nd4 Qc5 19. Qxc5 Nxc5 20. Nxf5 gxf5 21. f3 e4 22. Ne3 f4 23. Bxf4 f5 24. Rfd1 h6 25. fxe4 fxe4 26. Bg3 Nf6 27. b4 Ne6 28. Rd6 Rfe8 29. Bb5 Rad8 30. Bxe8 Rxd6 31. Bxd6 Nxe8 32. Bg3 Bxc3 33. Rb1 Bd4 34. Bf2 Kh7 35. Rd1 Kg6 36. Ng4 Bxf2+ 37. Kxf2 h5 38. Ne3 Nf6 39. Rd6 Nf4 40. Kg3 Nd3 41. Nd5 Kf5 42. Nxf6 h4+ 43. Kxh4 Nxb4 44. Ng4 a6 45. Rf6# 1-0

[Event "WC-2017-S-00002"]
[Site "LSS email"]
[Date "2017.05.17"]
[Round "?"]
[White "Barbaric, Tadija"]
[Black "Starke, Rene Reiner"]
[Result "1-0"]
[WhiteElo "2307"]
[BlackElo "2466"]
[PlyCount "23"]
[EventDate "2017.06.01"]
[EventType "tourn (corr)"]
[EventRounds "12"]
[EventCountry "GER"]
[SourceTitle "Corr 2024"]
[Source "ChessBase"]
[SourceDate "2023.10.19"]
[SourceVersion "1"]
[SourceVersionDate "2023.10.19"]
[SourceQuality "1"]

1. e4 c6 2. d4 d5 3. exd5 cxd5 4. Bd3 Nc6 5. c3 Qc7 6. Nf3 Bg4 7. Nbd2 e6 8. Nf1 Bd6 9. Ng3 Nge7 10. h3 Bxf3 11. Qxf3 0-0 12. Nh5 1-0

[Event "WC-2017-S-00002"]
[Site "LSS email"]
[Date "2017.05.17"]
[Round "?"]
[White "Starke, Rene Reiner"]
[Black "Cornel, Matei"]
[Result "0-1"]
[WhiteElo "2466"]
[BlackElo "2448"]
[PlyCount "20"]
[EventDate "2017.06.01"]
[EventType "tourn (corr)"]
[EventRounds "12"]
[EventCountry "GER"]
[SourceTitle "Corr 2024"]
[Source "ChessBase"]
[SourceDate "2023.10.19"]
[SourceVersion "1"]
[SourceVersionDate "2023.10.19"]
[SourceQuality "1"]

1. d4 d5 2. Bf4 Nf6 3. e3 c5 4. c3 Nc6 5. Nd2 Bf5 6. Ngf3 e6 7. Qb3 Qc8 8. Nh4 Be4 9. f3 Bg6 10. g4 a6 0-1

[Event "WC-2017-S-00002"]
[Site "LSS email"]
[Date "2017.05.17"]
[Round "?"]
[White "Starke, Rene Reiner"]
[Black "Ketelhoehn, Bernd"]
[Result "0-1"]
[WhiteElo "2466"]
[BlackElo "2419"]
[PlyCount "25"]
[EventDate "2017.06.01"]
[EventType "tourn (corr)"]
[EventRounds "12"]
[EventCountry "GER"]
[SourceTitle "Corr 2024"]
[Source "ChessBase"]
[SourceDate "2023.10.19"]
[SourceVersion "1"]
[SourceVersionDate "2023.10.19"]
[SourceQuality "1"]

1. d4 d5 2. Bf4 c5 3. e3 cxd4 4. exd4 Nc6 5. c3 Bf5 6. Qb3 Qd7 7. Nd2 e6 8. Ngf3 Nge7 9. h3 Ng6 10. Bh2 h5 11. Be2 Bd6 12. Bxd6 Qxd6 13. 0-0 0-1

[Event "WC-2017-S-00002"]
[Site "LSS email"]
[Date "2017.05.17"]
[Round "?"]
[White "Starke, Rene Reiner"]
[Black "Mueller Alves, Martin"]
[Result "0-1"]
[WhiteElo "2466"]
[BlackElo "2470"]
[PlyCount "28"]
[EventDate "2017.06.01"]
[EventType "tourn (corr)"]
[EventRounds "12"]
[EventCountry "GER"]
[SourceTitle "Corr 2024"]
[Source "ChessBase"]
[SourceDate "2023.10.19"]
[SourceVersion "1"]
[SourceVersionDate "2023.10.19"]
[SourceQuality "1"]

1. d4 Nf6 2. Bf4 d5 3. e3 c5 4. c3 Nc6 5. Nd2 Bf5 6. Ngf3 e6 7. Qb3 Qc8 8. Nh4 Be4 9. f3 Bg6 10. g4 a6 11. Nxg6 hxg6 12. h4 Qd7 13. Kf2 Bd6 14. Bxd6 Qxd6 0-1

[Event "Berlin Eckbauer op 19th"]
[Site "Berlin"]
[Date "2016.11.21"]
[Round "6"]
[White "Starke, Rene Reiner"]
[Black "Lawatsch, Michael"]
[Result "1/2-1/2"]
[WhiteElo "1937"]
[BlackElo "1707"]
[PlyCount "53"]
[EventDate "2016.10.10"]
[EventType "swiss"]
[EventRounds "7"]
[EventCountry "GER"]
[SourceTitle "EXT 2022"]
[Source "ChessBase"]
[SourceDate "2021.10.06"]
[SourceVersion "1"]
[SourceVersionDate "2021.10.06"]
[SourceQuality "1"]

1. d4 Nf6 2. Bf4 e6 3. e3 d5 4. Nd2 Bd6 5. Bg3 c6 6. c3 Qc7 7. Bxd6 Qxd6 8. f4 b6 9. Bd3 Ba6 10. Qe2 Bxd3 11. Qxd3 Nbd7 12. Ngf3 c5 13. Ne5 Qc7 14. 0-0 0-0 15. Rf3 Qb7 16. Rh3 h6 17. Kh1 Nxe5 18. fxe5 Nh7 19. Rf1 Qe7 20. Qe2 f6 21. exf6 Rxf6 22. Rhf3 Raf8 23. Kg1 Ng5 24. Rxf6 Rxf6 25. h4 Nf7 26. Qg4 Nd6 27. Rf3 1/2-1/2

[Event "WC-2016-Q-00013"]
[Site "LSS email"]
[Date "2016.08.29"]
[Round "?"]
[White "Corti, Horacio"]
[Black "Starke, Rene Reiner"]
[Result "1/2-1/2"]
[WhiteElo "2341"]
[BlackElo "2474"]
[PlyCount "36"]
[EventDate "2016.09.03"]
[EventType "tourn (corr)"]
[EventRounds "12"]
[EventCountry "GER"]
[SourceTitle "Corr 2022"]
[Source "ChessBase"]
[SourceDate "2021.10.24"]
[SourceVersion "1"]
[SourceVersionDate "2021.10.24"]
[SourceQuality "1"]

1. e4 c5 2. Nf3 Nc6 3. d4 cxd4 4. Nxd4 Nf6 5. Nc3 e5 6. Ndb5 d6 7. Bg5 a6 8. Na3 b5 9. Bxf6 gxf6 10. Nd5 f5 11. Bd3 Be6 12. 0-0 Bxd5 13. exd5 Ne7 14. c3 Bg7 15. Nc2 0-0 16. Qh5 e4 17. Be2 Kh8 18. Kh1 f4 1/2-1/2

[Event "WC-2016-Q-00013"]
[Site "LSS email"]
[Date "2016.08.29"]
[Round "?"]
[White "Sherwood, Russell"]
[Black "Starke, Rene Reiner"]
[Result "0-1"]
[WhiteElo "2170"]
[BlackElo "2474"]
[PlyCount "44"]
[EventDate "2016.09.03"]
[EventType "tourn (corr)"]
[EventRounds "12"]
[EventCountry "GER"]
[SourceTitle "Corr 2022"]
[Source "ChessBase"]
[SourceDate "2021.10.24"]
[SourceVersion "1"]
[SourceVersionDate "2021.10.24"]
[SourceQuality "1"]

1. e4 c5 2. Nf3 Nc6 3. d4 cxd4 4. Nxd4 Nf6 5. Nc3 e5 6. Ndb5 d6 7. Bg5 a6 8. Na3 b5 9. Nd5 Be7 10. Bxf6 Bxf6 11. c3 0-0 12. Nc2 Bg5 13. a4 bxa4 14. Rxa4 a5 15. Bc4 Rb8 16. b3 Kh8 17. Nce3 Ne7 18. Nxe7 Qxe7 19. Nd5 Qd8 20. 0-0 f5 21. exf5 Bxf5 22. Qe2 Bd7 0-1

[Event "WC-2016-Q-00013"]
[Site "LSS email"]
[Date "2016.08.29"]
[Round "?"]
[White "Starke, Rene Reiner"]
[Black "Corti, Horacio"]
[Result "1/2-1/2"]
[WhiteElo "2474"]
[BlackElo "2341"]
[PlyCount "75"]
[EventDate "2016.09.03"]
[EventType "tourn (corr)"]
[EventRounds "12"]
[EventCountry "GER"]
[SourceTitle "Corr 2022"]
[Source "ChessBase"]
[SourceDate "2021.10.24"]
[SourceVersion "1"]
[SourceVersionDate "2021.10.24"]
[SourceQuality "1"]

1. d4 Nf6 2. c4 e6 3. Nc3 Bb4 4. e3 0-0 5. Bd3 d5 6. Nf3 c5 7. 0-0 Nc6 8. a3 Bxc3 9. bxc3 Qc7 10. Bb2 Na5 11. cxd5 exd5 12. Ne5 Re8 13. a4 b6 14. Qe2 Bb7 15. f3 Rad8 16. Rae1 Nc6 17. Nxc6 Bxc6 18. Ra1 Re6 19. Qf2 Rde8 20. Bc1 Bb7 21. Qg3 Qd8 22. Qh4 a5 23. Rb1 Bc8 24. Bd2 h6 25. Rb2 Qe7 26. Re1 Bd7 27. Ra2 Rc8 28. Qf2 Rb8 29. Bf5 Rc6 30. Bc2 Re8 31. Bd3 Rd6 32. Raa1 Re6 33. Reb1 Rc8 34. Rb2 Rd6 35. Qe1 Re6 36. Qe2 Qd8 37. Qd1 Qe7 38. Qe1 1/2-1/2

[Event "WC-2016-Q-00013"]
[Site "LSS email"]
[Date "2016.08.29"]
[Round "?"]
[White "Starke, Rene Reiner"]
[Black "Oliynyk, Valery"]
[Result "1/2-1/2"]
[WhiteElo "2474"]
[BlackElo "2361"]
[PlyCount "77"]
[EventDate "2016.09.03"]
[EventType "tourn (corr)"]
[EventRounds "12"]
[EventCountry "GER"]
[SourceTitle "Corr 2022"]
[Source "ChessBase"]
[SourceDate "2021.10.24"]
[SourceVersion "1"]
[SourceVersionDate "2021.10.24"]
[SourceQuality "1"]

1. d4 d6 2. e4 Nf6 3. Nc3 g6 4. Bg5 Bg7 5. Qd2 0-0 6. Bh6 c5 7. Bxg7 Kxg7 8. d5 a6 9. Nge2 Nbd7 10. Ng3 b5 11. h4 h5 12. a4 b4 13. Nd1 a5 14. Ne3 Ne5 15. f3 Kh7 16. Be2 Qb6 17. 0-0 Ba6 18. f4 Neg4 19. Bxg4 Bxf1 20. Rxf1 Nxg4 21. Nxg4 hxg4 22. f5 c4+ 23. Kh2 Rae8 24. Rf4 c3 25. bxc3 bxc3 26. Qd1 Rb8 27. Qd3 Kh8 28. Ne2 Qb1 29. Rxg4 Qe1 30. Qe3 Qd2 31. Qf3 Qd1 32. Qxc3+ Kh7 33. fxg6+ fxg6 34. h5 Rf1 35. Rxg6 Rh1+ 36. Kg3 Rg8 37. Rxg8 Kxg8 38. Qc8+ Kg7 39. Qg4+ 1/2-1/2

[Event "WC-2016-S-00001"]
[Site "LSS email"]
[Date "2016.07.28"]
[Round "?"]
[White "Starke, Rene Reiner"]
[Black "Szabo, Vilmos"]
[Result "1/2-1/2"]
[WhiteElo "2475"]
[BlackElo "2419"]
[PlyCount "115"]
[EventDate "2016.08.03"]
[EventType "tourn (corr)"]
[EventRounds "12"]
[EventCountry "GER"]
[SourceTitle "Corr 2022"]
[Source "ChessBase"]
[SourceDate "2021.10.24"]
[SourceVersion "1"]
[SourceVersionDate "2021.10.24"]
[SourceQuality "1"]

1. d4 Nf6 2. Bf4 e6 3. e3 b6 4. Nf3 Bb7 5. Bd3 Be7 6. h3 0-0 7. 0-0 d5 8. Ne5 c5 9. c3 Nc6 10. Nd2 Bd6 11. Nxc6 Bxc6 12. Nf3 Bb7 13. Ne5 a5 14. Qf3 c4 15. Bxc4 Ne4 16. Bd3 Nd2 17. Qg4 f5 18. Qe2 Nxf1 19. Qxf1 Qc8 20. Rc1 Ba6 21. c4 dxc4 22. Bxc4 Bxc4 23. Nxc4 Bxf4 24. Nxb6 Qb7 25. Nxa8 Bb8 26. Qc4 Qxa8 27. Qxe6+ Kh8 28. Rc5 Qb7 29. Rxf5 Rc8 30. f4 Rg8 31. Rc5 Rf8 32. b3 Qb4 33. Kf1 a4 34. Rc8 Bd6 35. Ke2 Qb7 36. Rxf8+ Bxf8 37. Kf2 axb3 38. Qxb3 Qc7 39. d5 Qa5 40. Kf3 h5 41. Qd3 Qe1 42. Qe2 Qa5 43. Qc4 Qe1 44. Qc8 Qd1+ 45. Ke4 Kg8 46. Qc4 Kh7 47. Qd3 Qa4+ 48. Kf3+ g6 49. g4 h4 50. g5 Qd7 51. Kg2 Qc7 52. a4 Bb4 53. Qb3 Bf8 54. Kf2 Qc1 55. Ke2 Qg1 56. d6 Qg2+ 57. Kd1 Qh1+ 58. Kd2 1/2-1/2

[Event "WC-2015-T-00003"]
[Site "LSS email"]
[Date "2015.11.01"]
[Round "?"]
[White "Bergmann, Michael"]
[Black "Starke, Rene Reiner"]
[Result "1/2-1/2"]
[WhiteElo "2509"]
[BlackElo "2474"]
[PlyCount "58"]
[EventDate "2015.11.08"]
[EventType "tourn (corr)"]
[EventRounds "10"]
[EventCountry "GER"]
[SourceTitle "Corr 2022"]
[Source "ChessBase"]
[SourceDate "2021.10.24"]
[SourceVersion "1"]
[SourceVersionDate "2021.10.24"]
[SourceQuality "1"]

1. e4 c5 2. Nf3 Nc6 3. d4 cxd4 4. Nxd4 Nf6 5. Nc3 e5 6. Ndb5 d6 7. Bg5 a6 8. Na3 b5 9. Nd5 Be7 10. Bxf6 Bxf6 11. c3 0-0 12. Nc2 Bg5 13. a4 bxa4 14. Rxa4 a5 15. Bc4 Rb8 16. b3 Kh8 17. Nce3 Ne7 18. 0-0 Nxd5 19. Nxd5 f5 20. exf5 Bxf5 21. Qe2 Bd7 22. Ra2 Be6 23. Rd1 Rc8 24. g3 Rb8 25. Qe1 Bg4 26. Rda1 Qc8 27. Rxa5 Bf3 28. Ne3 h5 29. Bd5 Bxe3 1/2-1/2

[Event "WC-2015-T-00003"]
[Site "LSS email"]
[Date "2015.11.01"]
[Round "?"]
[White "Kovacs, Arthur"]
[Black "Starke, Rene Reiner"]
[Result "1/2-1/2"]
[WhiteElo "2427"]
[BlackElo "2474"]
[PlyCount "44"]
[EventDate "2015.11.08"]
[EventType "tourn (corr)"]
[EventRounds "10"]
[EventCountry "GER"]
[SourceTitle "Corr 2022"]
[Source "ChessBase"]
[SourceDate "2021.10.24"]
[SourceVersion "1"]
[SourceVersionDate "2021.10.24"]
[SourceQuality "1"]

1. d4 d5 2. Nf3 Nf6 3. c4 c6 4. Nc3 e6 5. Bg5 h6 6. Bh4 dxc4 7. e4 g5 8. Bg3 b5 9. Be2 Bb7 10. 0-0 Nbd7 11. Ne5 h5 12. Nxd7 Qxd7 13. Qc1 Rg8 14. Rd1 h4 15. Be5 Qe7 16. h3 g4 17. Bxf6 Qxf6 18. e5 Qh6 19. Ne4 0-0-0 20. Qxh6 Bxh6 21. hxg4 Bf8 22. a4 a6 1/2-1/2

[Event "WC-2015-T-00003"]
[Site "LSS email"]
[Date "2015.11.01"]
[Round "?"]
[White "Podvoysky, Evgeny"]
[Black "Starke, Rene Reiner"]
[Result "1/2-1/2"]
[WhiteElo "2307"]
[BlackElo "2474"]
[PlyCount "77"]
[EventDate "2015.11.08"]
[EventType "tourn (corr)"]
[EventRounds "10"]
[EventCountry "GER"]
[SourceTitle "Corr 2022"]
[Source "ChessBase"]
[SourceDate "2021.10.24"]
[SourceVersion "1"]
[SourceVersionDate "2021.10.24"]
[SourceQuality "1"]

1. e4 c5 2. Nf3 Nc6 3. Nc3 e5 4. Bc4 Be7 5. d3 d6 6. 0-0 Nf6 7. Ng5 0-0 8. f4 Bg4 9. Qe1 Bh5 10. f5 Nd4 11. Qf2 b5 12. Nxb5 Ne2+ 13. Kh1 Nxc1 14. Nf3 Nxd3 15. cxd3 Rb8 16. Rab1 g6 17. Qg3 Qd7 18. Nc3 Kh8 19. fxg6 fxg6 20. Ng5 Qg4 21. Ne6 Qxg3 22. hxg3 Rfe8 23. Nb5 Be2 24. Nxd6 Bxf1 25. Nf7+ Kg8 26. Nh6+ Kh8 27. Rxf1 Rxb2 28. Nf7+ Kg8 29. Nxe5 Reb8 30. Nc6 Rb1 31. Kg1 Rxf1+ 32. Kxf1 Rb1+ 33. Ke2 Kf7 34. Ne5+ Kg8 35. Nxc5+ Kh8 36. Ne6 Nh5 37. g4 Ng3+ 38. Kf3 Nf1 39. Nf7+ 1/2-1/2

[Event "WC-2015-T-00003"]
[Site "LSS email"]
[Date "2015.11.01"]
[Round "?"]
[White "Starke, Rene Reiner"]
[Black "Bergmann, Michael"]
[Result "1/2-1/2"]
[WhiteElo "2474"]
[BlackElo "2509"]
[PlyCount "43"]
[EventDate "2015.11.08"]
[EventType "tourn (corr)"]
[EventRounds "10"]
[EventCountry "GER"]
[SourceTitle "Corr 2022"]
[Source "ChessBase"]
[SourceDate "2021.10.24"]
[SourceVersion "1"]
[SourceVersionDate "2021.10.24"]
[SourceQuality "1"]

1. d4 Nf6 2. c4 e6 3. Nc3 d5 4. cxd5 exd5 5. Bg5 c6 6. Qc2 h6 7. Bh4 g6 8. e3 Bf5 9. Bd3 Bxd3 10. Qxd3 Nbd7 11. Nge2 Bg7 12. f3 0-0 13. 0-0 Re8 14. Rae1 a5 15. Bf2 h5 16. Qc2 Bh6 17. Nc1 Nb6 18. b3 a4 19. Kh1 Nh7 20. e4 Bxc1 21. Rxc1 axb3 22. Qxb3 1/2-1/2